000 01577nam a2200277 a 4500
001 000007695
005 20240517193337.0
008 090907s2003 sp a r 001 0 spa d
020 _a848055553X (obra completa)
040 _aDO-SdBNP
_bspa
_cBNPHU
082 _a636
_bT255g
245 0 0 _aTécnico en ganadería /
_credacción y coordinador Eduardo Villena Fernández, José Jiménez Ruiz Matas.
260 _aMadrid :
_bCultural ,
_c2003.
270 _aCultural, S.A.
_aPolígono industrial Arroyomolinos calle C, núm. 15, Móstoles
_bMadrid
_dEspaña
300 _a3 v. :
_bil. , retrs. ;
_c26 cm.
505 2 _av.1 - Morfología y fisiología -- Razas ganaderas -- Equinos -- La alimentación del ganado I -- v.2 La alimentación del ganado II -- Manejo de la reproducción -- Higiene y patología animal -- v.3 Instalaciones ganaderas -- Sistemas de producción -- La empresa ganadera: organización y gestión -- Producción ganadera en el -- Censo y mapa mundial del ganado ovino -- Censo y mapa mundial del ganado caprino -- Censo y mapa mundial del ganado porcino -- Censo y mapa mundial en avicultura -- Censo y mapa mundial del ganado bovino -- Índice analítico.
650 0 _aGanedería
_92464
650 4 _aFisiología animal
_95967
650 4 _aAlimentos para animales
_921338
650 4 _aCría de animales
_91547
650 4 _aGanado
_xReproducción
_921339
650 4 _aGanadería
_xEstadísticas
_921340
700 1 _aVillena Fernández, Eduardo
_921341
700 1 _aJiménez Ruiz Matas, José
_921342
910 _aValidado. Control de calidad. MMOLINA
999 _c7474
_d7474